Statistiques concernant Pokémon Sauvages(Sinnoh P) 2

Cliquez ici pour prendre le quiz!

Statistiques générales

  • Ce quiz a été pris 10 fois
  • Le résultat moyen est 257 sur 330

Statistiques - réponses

LieuxPokémon% Correct
Bekipan
100%
(essaim)Cadoizo
100%
Goélise
100%
Gravalanch
100%
Léviator
100%
Luxio
100%
(pêche)Magicarpe
100%
Nosferalto
100%
Île de FerNosferapti
100%
Onix
100%
Racaillou
100%
Akwakwak
83%
Artikodin
83%
Azumarill
83%
Babimanta
83%
Barbicha
83%
Barloche
83%
Blizzi
83%
Cacturne
83%
(Poké Radar)Cochignon
83%
(essaim)Corayon
83%
Pokémon mouvantCréfollet
83%
Créhelf
83%
Cresselia
83%
Île NouvelluneDarkrai
83%
Écayon
83%
Électhor
83%
Élektek
83%
Farfuret
83%
Hippodocus
83%
Hypocéan
83%
Hypotrempe
83%
Lippouti
83%
Lippoutou
83%
Lokhlass
83%
Loupio
83%
Lovdisc
83%
Luminéon
83%
Chenal 226 | Route 225Machopeur
83%
Rive du Lac Savoir | Route 217Marcacrin
83%
Méditikka
83%
M.Mime
83%
Route 218Mustéflott
83%
Musteflott
83%
en insérant rubisMysdibule
83%
(sur l'eau)Phogleur
83%
Piafabec
83%
Poissirène
83%
Poissoroy
83%
(sur l'eau) | Lac SavoirPsykokwak
83%
Ptitard
83%
Rapasdepic
83%
Ruines IcebergRegice
83%
Ruines Pic RocheRegirock
83%
Ruines de FerRegisteel
83%
Relicanth
83%
en insérant vert feuilleSablaireau
83%
(essaim)Scarabrute
83%
en insérant saphirSéléroc
83%
Paradis FleuriShaymin
83%
Simularbre
83%
en insérant rubisSolaroc
83%
Stalgamin
83%
Stari
83%
Sulfura
83%
en insérant saphirTénéfix
83%
(sur l'eau) | Chenal 220(sur l'eau) | Joliberges(sur l'eau) | +2 othersTentacool
83%
Tentacruel
83%
(sur l'eau)Têtarte
83%
Aéromite
67%
Airmure
67%
Cacnea
67%
Camérupt
67%
en insérant émeraudeCaratroc
67%
Carmache
67%
Castorno
67%
Chamallot
67%
(Poké Radar)Chartor
67%
Heatran
67%
(essaim)Krabby
67%
Limagma
67%
en insérant saphirLombre
67%
Lumivole
67%
(Poké Radar)Mimitoss
67%
Muciole
67%
(Poké Radar)Nidorina
67%
Nidorino
67%
Octillery
67%
en insérant rubisPifeuil
67%
Qwilfish
67%
Rattata
67%
Rattatac
67%
Regigigas
67%
Rémoraid
67%
Rhinocorne
67%
Rhinoféros
67%
Route 221 | Route 224 | Route 229Rosélia
67%
Roucool
67%
Sancoki Mer Occident
67%
Smogo
67%
Smogogo
67%
Steelix
67%
(essaim)Terhal
67%
(Poké Radar)Togepi
67%
Route 228Triopikeur
67%
Tritosor Mer Occident
67%
Tritosor Mer Orient
67%
intérieurVolcaropod
67%
(essaim)Voltorbe
67%
Wailmer
67%
Wailord
67%
(sur l'eau)Arakdo
50%
(essaim)Canarticho
50%
Charmillon
50%
Coxyclaque
50%
Girafarig
50%
(Poké Radar)Lainergie
50%
Lamantine
50%
Route 222Magnéti
50%
Magnéton
50%
(essaim)Makuhita
50%
Maskadra
50%
Migalos
50%
Mystherbe
50%
Ortide
50%
Papinox
50%
Pijako
50%
en insérant émeraudePomdepik
50%
(essaim)Skitty
50%
Taupiqueur
50%
Branette
33%
(essaim)Natu
33%
(essaim)Spinda
33%
Boustiflor
17%
Chétiflor
17%
Colossinge
17%
(Poké Radar)Férosinge
17%
Magnéton
17%
en insérant émeraudeTeddiursa
17%
en insérant émeraudeUrsaring
17%

Distribution des résultats

Percentile par nombre de réponses

% des personnes avec chaque résultat

Votre développement - résultats

Vous n’avez pas pris ce quiz